000 00908nam a22002417a 4500
999 _c8245
_d8245
003 AR-CdUCM
008 190322b ||||| |||| 00| 0 spa d
020 _a84-205-0700-8
040 _aMUNICIPALIDAD PROVINCIAL DEL CUSCO
_cBIBLIOTECA MUNICIPAL DEL CUSCO
082 _a709.46 /
_bV14
100 _aValdivieso, Enrique
_923205
245 _aHistoria del Arte Hispánico :
_bIV El barroco y el Rococó /
260 _aMadrid :
_bAlhambra,
_c1978.
300 _a374 paginas ;
_c23 cm.
440 _aHistoria del Aire Hispánico
_923206
505 _aContenido :La arquitectura barroca española sel siglo XVII --La arquitectura española de la primera mitad del siglo XVIII --El rococo español --La arquitectura borbonica ...
650 _aArte española
_923207
650 _aHistoria
_943869
650 _aEspaña
_9176
700 _aValdivieso, Enrique
_923205
942 _2ddc
_cLIBROS
945 _arjall